Ethos Of Indian Literature (Record no. 93529)

MARC details
000 -LEADER
fixed length control field 00477nam a2200145Ia 4500
008 - FIXED-LENGTH DATA ELEMENTS--GENERAL INFORMATION
fixed length control field 211109s9999||||xx |||||||||||||| ||und||
082 ## - DEWEY DECIMAL CLASSIFICATION NUMBER
Classification number 894.81954
Item number SRI-E
100 ## - MAIN ENTRY--PERSONAL NAME
Personal name K S Srinivasan,
245 #0 - TITLE STATEMENT
Title Ethos Of Indian Literature
260 ## - PUBLICATION, DISTRIBUTION, ETC.
Name of publisher, distributor, etc. Chanakya Publications
Place of publication, distribution, etc. Delhi
Date of publication, distribution, etc. 1900
300 ## - PHYSICAL DESCRIPTION
Extent 244p.
630 ## - SUBJECT ADDED ENTRY--UNIFORM TITLE
General subdivision General Stack
650 ## - SUBJECT ADDED ENTRY--TOPICAL TERM
Topical term or geographic name entry element Altaic, Uralic, Hyperborean & Dravidian
942 ## - ADDED ENTRY ELEMENTS (KOHA)
Koha item type BOOK
650 ## - SUBJECT ADDED ENTRY--TOPICAL TERM
Form subdivision Indian Literature
General subdivision Literatures of other languagesLiterature & rhetoricEnglish
Holdings
Withdrawn status Lost status Source of classification or shelving scheme Damaged status Not for loan Home library Current library Date acquired Cost, normal purchase price Full call number Barcode Shelving location Date last seen Price effective from Koha item type
    Dewey Decimal Classification     SB LIBRARY SB LIBRARY 09/11/2021 100.00 891.1 SRI-E 00078503 GENERAL STACK 09/11/2021 09/11/2021 BOOK

Powered by Koha